Reforma Penal 2008-2016 El Sistema Penal Acusatorio en Mx̌ico /

Detalles Bibliográficos
Autor principal: Gm̤ez Gonzl̀ez, Arely
Formato: eBook
Lenguaje:español
Publicado: Ciudad de Mx̌ico: Instituto Nacional de las Ciencias Penales, 2017
Materias:
Acceso en línea:Acceso restringido

MARC

LEADER 00000nam a22000007a 4500
005 20181120113443.0
007 cr|||| ||||
008 181120s2017 mx |||||s|||| 00||0 spa d
020 |a 978-607-8447-60-2 
035 |a 22461 
040 |a vLex 
090 |c 8319  |d 8319 
100 1 |a Gm̤ez Gonzl̀ez, Arely 
245 1 0 |a Reforma Penal 2008-2016  |h [Recurso electrn̤ico] :  |b El Sistema Penal Acusatorio en Mx̌ico /  |c Arely Gm̤ez Gonzl̀ez 
256 |a Servicio en ln̕ea 
260 |a Ciudad de Mx̌ico:  |b Instituto Nacional de las Ciencias Penales,  |c 2017 
300 |a 1 recurso electrn̤ico 
506 1 |a Disponible solo en los productos indicados  |d vLex Global  |d vLex Global (Academic Edition, excluding Law Schools)  |d vLex Global (U.S. Academic Edition, Law Schools)  |d vLex Global (U.S. Academic Edition, excluding Law Schools)  |d vLex Global (Academic Edition, Law Schools) 
650 0 4 |a Derecho Penal  |z Mx̌ico 
740 0 |a vLex Libros (Servicio en ln̕ea) 
856 4 0 |u http://vlex.com/source/reforma-penal-2008-2016-sistema-penal-acusatorio-mexico-22461  |z Acceso restringido 
942 |c BOOK 
999 0 |a Criminal law